Library Logo

Pioneer International University Library Catalogue

His son : (Record no. 1486)

MARC details
000 -LEADER
fixed length control field 00492pam a2200181 i 4500
005 - DATE AND TIME OF LATEST TRANSACTION
control field 20250901165259.0
008 - FIXED-LENGTH DATA ELEMENTS--GENERAL INFORMATION
fixed length control field 800729s1981 nyu 000 0 eng
010 ## - LIBRARY OF CONGRESS CONTROL NUMBER
LC control number 80020513
020 ## - INTERNATIONAL STANDARD BOOK NUMBER
International Standard Book Number 0393014355
050 00 - LIBRARY OF CONGRESS CALL NUMBER
Classification number HN65 .H432 1981
Item number .H432 1981
082 00 - DEWEY DECIMAL CLASSIFICATION NUMBER
Classification number 973.92
Edition information 19
100 1# - MAIN ENTRY--PERSONAL NAME
Personal name Henderson, Bill,
Dates associated with a name 1941-
245 10 - TITLE STATEMENT
Title His son :
Remainder of title a child of the fifties /
Statement of responsibility, etc. Bill Henderson.
250 ## - EDITION STATEMENT
Edition statement 1st ed.
260 ## - PUBLICATION, DISTRIBUTION, ETC.
Place of publication, distribution, etc. New York :
Name of publisher, distributor, etc. Norton,
Date of publication, distribution, etc. c1981.
300 ## - PHYSICAL DESCRIPTION
Extent 144 p. ;
Dimensions 22 cm.
942 ## - ADDED ENTRY ELEMENTS (KOHA)
Source of classification or shelving scheme Dewey Decimal Classification
Holdings
Withdrawn status Lost status Source of classification or shelving scheme Damaged status Not for loan Home library Current library Shelving location Date acquired Total checkouts Full call number Barcode Date last seen Price effective from Koha item type
    Library of Congress Classification     Main Library Main Library   03/04/2021   HN65 .H432 1981 PIU0002892 03/04/2021 03/04/2021 Books